[Event "Zagreb Damjanovic Memorial 3rd"]
[Site "Zagreb"]
[Date "2019.11.16"]
[Round "8"]
[White "Horvat, Damjan"]
[Black "Balen, Teo"]
[Result "0-1"]
[WhiteElo "2181"]
[BlackElo "1976"]
[PlyCount "94"]
[EventDate "2019.11.09"]
[EventType "swiss"]
[EventRounds "9"]
[EventCountry "CRO"]
[SourceTitle "CBM 193 Extra"]
[Source "ChessBase"]
[SourceDate "2020.01.31"]
[SourceVersion "1"]
[SourceVersionDate "2020.01.31"]
[SourceQuality "1"]

1. Nf3 Nf6 2. Ng1 Ng8 3. a3 a5 4. a4 f5 5. c3 e5 6. Na3 Nf6 7. d4 e4 8. h4 d5 9. Nh3 c6 10. Nc2 Bd6 11. Bf4 Be6 12. e3 Na6 13. Be2 Nc7 14. Bxd6 Qxd6 15. Nf4 Bf7 16. h5 Ne6 17. g3 Ke7 18. Kd2 Rhb8 19. Qf1 Ng5 20. Qg2 b5 21. axb5 cxb5 22. Rhc1 b4 23. cxb4 Rxb4 24. Ra2 Qb6 25. Nxb4 Qxb4+ 26. Rc3 Nf3+ 27. Kc2 Ne1+ 28. Kd2 Nxg2 29. Nxg2 Rc8 30. Kc2 Rxc3+ 31. bxc3 Qb6 32. Nf4 Be8 33. Rb2 Ba4+ 34. Kc1 Qc6 35. Kd2 Ng4 36. h6 g5 37. Nh3 Qxh6 38. Rb7+ Bd7 39. Bb5 Nf6 40. f4 g4 41. Ng1 Kd8 42. Ba6 Nh5 43. Rb8+ Kc7 44. Rb7+ Kd8 45. Rb8+ Ke7 46. Bb7 Nxg3 47. Ne2 Nxe2 0-1

[Event "Zagreb Damjanovic Memorial 3rd"]
[Site "Zagreb"]
[Date "2019.11.15"]
[Round "7"]
[White "Balen, Teo"]
[Black "Kinez, Ivo"]
[Result "1-0"]
[WhiteElo "1976"]
[BlackElo "2030"]
[PlyCount "59"]
[EventDate "2019.11.09"]
[EventType "swiss"]
[EventRounds "9"]
[EventCountry "CRO"]
[SourceTitle "CBM 193 Extra"]
[Source "ChessBase"]
[SourceDate "2020.01.31"]
[SourceVersion "1"]
[SourceVersionDate "2020.01.31"]
[SourceQuality "1"]

1. d4 Nf6 2. c4 g6 3. Nc3 d5 4. cxd5 Nxd5 5. e4 Nxc3 6. bxc3 Bg7 7. Bc4 c5 8. Ne2 Nc6 9. Be3 0-0 10. 0-0 Bg4 11. f3 Bd7 12. Qd2 Qc7 13. Rac1 Rfd8 14. Rfd1 Na5 15. Bd3 Ba4 16. Rf1 e5 17. d5 c4 18. Bb1 Nc6 19. Qe1 Ne7 20. Qf2 b6 21. f4 Be8 22. fxe5 Bxe5 23. Bf4 b5 24. Rcd1 a5 25. a3 Ra6 26. Kh1 f6 27. h4 Bd7 28. Qg3 Bxf4 29. Nxf4 Kh8 30. Nxg6+ 1-0

[Event "Hum na Sutli op 12th"]
[Site "Hum na Sutli"]
[Date "2018.08.28"]
[Round "6"]
[White "Balen, Teo"]
[Black "Cupic, Lovro"]
[Result "0-1"]
[WhiteElo "1998"]
[BlackElo "2191"]
[PlyCount "70"]
[EventDate "2018.08.25"]
[EventType "swiss"]
[EventRounds "9"]
[EventCountry "CRO"]
[SourceTitle "CBM 186 Extra"]
[Source "ChessBase"]
[SourceDate "2018.08.24"]
[SourceVersion "1"]
[SourceVersionDate "2018.08.24"]
[SourceQuality "1"]

1. d4 Nf6 2. c4 e6 3. Nc3 Bb4 4. e3 0-0 5. Nge2 d5 6. a3 Be7 7. cxd5 exd5 8. Nf4 c6 9. Bd3 Re8 10. 0-0 Bd6 11. f3 b6 12. b4 Ba6 13. b5 Bxf4 14. exf4 Bb7 15. f5 c5 16. Bg5 Qd6 17. Bc2 Nh5 18. Qd2 Nd7 19. g4 cxd4 20. Ne2 Nhf6 21. Nxd4 Ne5 22. Qf2 Nc4 23. Qh4 h6 24. Bxh6 gxh6 25. g5 hxg5 26. Qxg5+ Kf8 27. Rae1 Nh7 28. Qh5 Qf6 29. Kh1 Qxd4 30. Qxh7 Qf6 31. Rg1 Rxe1 32. Rxe1 d4 33. h4 Bxf3+ 34. Kh2 Ne3 35. Bb3 Qd6+ 0-1

[Event "Hum na Sutli op 12th"]
[Site "Hum na Sutli"]
[Date "2018.08.26"]
[Round "3"]
[White "Balen, Teo"]
[Black "Suta, Andraz"]
[Result "1/2-1/2"]
[WhiteElo "1998"]
[BlackElo "2168"]
[PlyCount "85"]
[EventDate "2018.08.25"]
[EventType "swiss"]
[EventRounds "9"]
[EventCountry "CRO"]
[SourceTitle "CBM 186 Extra"]
[Source "ChessBase"]
[SourceDate "2018.08.24"]
[SourceVersion "1"]
[SourceVersionDate "2018.08.24"]
[SourceQuality "1"]

1. d4 Nf6 2. c4 e6 3. Nc3 Bb4 4. e3 0-0 5. Nge2 d5 6. a3 Be7 7. cxd5 exd5 8. Nf4 c6 9. Bd3 b6 10. b4 Bb7 11. Rb1 Nbd7 12. 0-0 Re8 13. f3 Nf8 14. Bc2 c5 15. Ba4 N8d7 16. dxc5 bxc5 17. Ncxd5 Nxd5 18. Nxd5 Bxd5 19. Qxd5 Nb6 20. Qxd8 Rexd8 21. Bc2 cxb4 22. axb4 Rac8 23. Bf5 Rc4 24. b5 Bc5 25. Kh1 Rc3 26. Bb2 Rxe3 27. Rbc1 Rb3 28. Rxc5 Rxb2 29. Be4 g6 30. h3 Rdd2 31. f4 Rf2 32. Rxf2 Rxf2 33. Bf3 Rb2 34. f5 Kg7 35. fxg6 hxg6 36. Bc6 Rb4 37. Bb7 Na4 38. Re5 Kf6 39. Rd5 Nc3 40. Rd6+ Ke7 41. Ra6 Nxb5 42. Bc6 Nd6 43. Rxa7+ 1/2-1/2

[Event "Zagreb Damjanovic Memorial 2nd"]
[Site "Zagreb"]
[Date "2018.07.23"]
[Round "9"]
[White "Balen, Teo"]
[Black "Gujic, Vladimir"]
[Result "0-1"]
[WhiteElo "1949"]
[BlackElo "2048"]
[PlyCount "94"]
[EventDate "2018.07.16"]
[EventType "swiss"]
[EventRounds "9"]
[EventCountry "CRO"]
[SourceTitle "EXT 2019"]
[Source "ChessBase"]
[SourceDate "2018.10.10"]
[SourceVersion "1"]
[SourceVersionDate "2018.10.10"]
[SourceQuality "1"]

1. d4 Nf6 2. c4 d6 3. Nc3 Nbd7 4. e4 e5 5. d5 Be7 6. Bd3 0-0 7. Nge2 Nc5 8. Bc2 a5 9. Ng3 Ne8 10. Be3 Bg5 11. Qd2 Bxe3 12. Qxe3 g6 13. 0-0-0 Ng7 14. h4 f5 15. exf5 Nxf5 16. Nxf5 Bxf5 17. Bxf5 Rxf5 18. Ne2 Qf6 19. f3 a4 20. Rh3 a3 21. b4 e4 22. Nd4 Nd3+ 23. Rxd3 exd3 24. Kd2 Re5 25. Qxd3 Qf4+ 26. Kc2 Re3 27. Qd2 Rae8 28. Rh1 Qe5 29. Rb1 c5 30. dxc6 bxc6 31. Rb3 Rxb3 32. Kxb3 c5 33. Nc6 Qe3+ 34. Qxe3 Rxe3+ 35. Ka4 cxb4 36. Kxb4 Kf7 37. Na5 Ke7 38. Nb3 Re2 39. Kxa3 Rxg2 40. h5 gxh5 41. Nd4 Rd2 42. Nf5+ Kd7 43. f4 Rf2 44. Kb3 Rxf4 45. Ng7 h4 46. a4 h3 47. Nh5 Rf3+ 0-1

[Event "Zagreb Damjanovic Memorial 2nd"]
[Site "Zagreb"]
[Date "2018.07.21"]
[Round "7"]
[White "Balen, Teo"]
[Black "Kristovic, Marijan"]
[Result "1/2-1/2"]
[WhiteElo "1949"]
[BlackElo "2236"]
[PlyCount "62"]
[EventDate "2018.07.16"]
[EventType "swiss"]
[EventRounds "9"]
[EventCountry "CRO"]
[SourceTitle "EXT 2019"]
[Source "ChessBase"]
[SourceDate "2018.10.10"]
[SourceVersion "1"]
[SourceVersionDate "2018.10.10"]
[SourceQuality "1"]

1. d4 Nf6 2. c4 e5 3. dxe5 Ng4 4. Nf3 Bc5 5. e3 Nc6 6. Be2 Ngxe5 7. Nxe5 Nxe5 8. 0-0 d6 9. Nc3 a5 10. b3 0-0 11. Bb2 Qh4 12. h3 f5 13. Na4 Qe4 14. Nxc5 dxc5 15. Bxe5 Qxe5 16. Bf3 Ra6 17. Qd5+ Qxd5 18. Bxd5+ Kh8 19. Rfd1 g6 20. Bf3 Rd6 21. Rd5 b6 22. Rad1 Rfd8 23. Rxd6 cxd6 24. Bc6 Kg7 25. Kf1 Kf6 26. h4 Ke7 27. Ke2 Bd7 28. Bxd7 Kxd7 29. a4 Kc6 30. Rd5 Re8 31. f4 h5 1/2-1/2

[Event "CRO-chT U20"]
[Site "Sv Filip i Jakov"]
[Date "2017.04.23"]
[Round "7.2"]
[White "Balen, Teo"]
[Black "Juric Cvitanovic, Katislav"]
[Result "1-0"]
[WhiteElo "1995"]
[BlackElo "1812"]
[PlyCount "59"]
[EventDate "2017.04.18"]
[EventType "team-tourn"]
[EventRounds "7"]
[EventCountry "CRO"]
[SourceTitle "EXT 2019"]
[Source "ChessBase"]
[SourceDate "2018.10.10"]
[SourceVersion "1"]
[SourceVersionDate "2018.10.10"]
[SourceQuality "1"]

1. d4 c5 2. d5 g6 3. c4 e6 4. Nc3 exd5 5. cxd5 d6 6. e4 Bg7 7. Bd3 Nf6 8. Nge2 0-0 9. 0-0 Na6 10. h3 Nb4 11. Bb1 Rb8 12. a3 Na6 13. f4 Re8 14. Ng3 h5 15. e5 dxe5 16. fxe5 Rxe5 17. Bf4 Rxd5 18. Nxd5 Nxd5 19. Bxb8 Bd4+ 20. Kh1 Ne3 21. Qf3 Nxf1 22. Ba2 Nxg3+ 23. Bxg3 Bf5 24. Qxb7 Qf6 25. Rf1 h4 26. Bxh4 Qg7 27. Qxa6 Qh7 28. Qxa7 g5 29. Qxf7+ Kh8 30. Qf8+ 1-0

[Event "CRO-ch U19"]
[Site "Vinkovci"]
[Date "2016.07.26"]
[Round "2"]
[White "Hrenic, Dario"]
[Black "Balen, Teo"]
[Result "0-1"]
[WhiteElo "1562"]
[BlackElo "2013"]
[PlyCount "54"]
[EventDate "2016.07.25"]
[EventType "swiss"]
[EventRounds "9"]
[EventCountry "CRO"]
[SourceTitle "CBM 173 Extra"]
[Source "ChessBase"]
[SourceDate "2016.08.29"]
[SourceVersion "1"]
[SourceVersionDate "2016.08.29"]
[SourceQuality "1"]

1. e4 c5 2. Nf3 Nc6 3. d4 cxd4 4. Nxd4 Nf6 5. Nc3 e6 6. f3 Bb4 7. Be3 0-0 8. Be2 d5 9. Nxc6 bxc6 10. e5 Nd7 11. f4 c5 12. a3 Ba5 13. Bd2 Rb8 14. Na4 Nxe5 15. 0-0 Nd7 16. c4 d4 17. Bd3 Bxd2 18. Qxd2 Qc7 19. f5 e5 20. Qg5 f6 21. Qg4 Qa5 22. Qd1 Bb7 23. Qc2 e4 24. Bxe4 Bxe4 25. Qxe4 Qxa4 26. Qd5+ Kh8 27. Rae1 Ne5 0-1

[Event "CRO-ch U19"]
[Site "Vinkovci"]
[Date "2016.07.25"]
[Round "1"]
[White "Balen, Teo"]
[Black "Krsnik Cohar, Ivan Vihor"]
[Result "0-1"]
[WhiteElo "2013"]
[BlackElo "2340"]
[PlyCount "112"]
[EventDate "2016.07.25"]
[EventType "swiss"]
[EventRounds "9"]
[EventCountry "CRO"]
[SourceTitle "CBM 173 Extra"]
[Source "ChessBase"]
[SourceDate "2016.08.29"]
[SourceVersion "1"]
[SourceVersionDate "2016.08.29"]
[SourceQuality "1"]

1. d4 d5 2. c4 c6 3. Nc3 Nf6 4. Nf3 Bf5 5. cxd5 Nxd5 6. Qb3 Qb6 7. Nxd5 cxd5 8. Qxd5 e6 9. Qb3 Qxb3 10. axb3 Nc6 11. Bf4 Bc2 12. Kd2 Bxb3 13. e4 Bb4+ 14. Ke3 0-0 15. Bb5 Na5 16. Nd2 a6 17. Be2 Bc2 18. Bd3 Rac8 19. Bd6 Bxd2+ 20. Kxd2 Nb3+ 21. Ke3 Rfd8 22. Ra3 Rxd6 23. Bxc2 Nxd4 24. Bb1 e5 25. Rd3 Rb6 26. f4 f6 27. Rc3 Rxc3+ 28. bxc3 Nb5 29. Ba2+ Kf8 30. Rb1 exf4+ 31. Kxf4 g5+ 32. Kg4 Rc6 33. Bd5 Rc7 34. c4 Nd6 35. Rb6 Ke7 36. Kh5 a5 37. Kh6 Nxc4 38. Re6+ Kd8 39. Rxf6 b5 40. Ra6 a4 41. Kxg5 Ne3 42. Bc6 Nc2 43. Kf6 Nd4 44. Bd5 Rc2 45. Ke5 Ne2 46. Kd6 Nf4 47. Bc6 Rd2+ 48. Kc5 Ne6+ 49. Kb4 Rb2+ 50. Ka5 a3 51. Bd5 Nc7 52. Ra7 b4 53. Bg8 a2 54. Kb6 b3 55. Kc6 Rb1 56. Kd6 Nb5+ 0-1

[Event "CRO-chT U20 25th"]
[Site "Sv Filip i Jakov"]
[Date "2016.03.25"]
[Round "7.5"]
[White "Vrankovic, Ivan"]
[Black "Balen, Teo"]
[Result "1/2-1/2"]
[WhiteElo "2070"]
[BlackElo "1993"]
[PlyCount "55"]
[EventDate "2016.03.21"]
[EventType "team-tourn"]
[EventRounds "9"]
[EventCountry "CRO"]
[SourceTitle "CBM 171 Extra"]
[Source "ChessBase"]
[SourceDate "2016.04.26"]
[SourceVersion "1"]
[SourceVersionDate "2016.04.26"]
[SourceQuality "1"]

1. e4 c5 2. Nf3 Nc6 3. Bb5 g6 4. Bxc6 bxc6 5. 0-0 Bg7 6. Re1 e5 7. c3 d6 8. Na3 Ne7 9. d4 cxd4 10. cxd4 exd4 11. Nxd4 0-0 12. Bg5 f6 13. Bf4 a6 14. Nxc6 Nxc6 15. Qd5+ Kh8 16. Qxc6 Be6 17. Rad1 Qa5 18. Bd2 Qc5 19. Rc1 Qxc6 20. Rxc6 Bxa2 21. Rxd6 Rfd8 22. Rxd8+ Rxd8 23. Bc3 Bb3 24. Kf1 Kg8 25. Ke2 Kf7 26. g3 Bf8 27. Nb1 Bc4+ 28. Kf3 1/2-1/2

[Event "CRO-chT U20 25th"]
[Site "Sv Filip i Jakov"]
[Date "2016.03.24"]
[Round "6.2"]
[White "Balen, Teo"]
[Black "Ivekovic, Bozidar1111"]
[Result "1-0"]
[WhiteElo "1993"]
[BlackElo "2362"]
[PlyCount "69"]
[EventDate "2016.03.21"]
[EventType "team-tourn"]
[EventRounds "9"]
[EventCountry "CRO"]
[SourceTitle "CBM 171 Extra"]
[Source "ChessBase"]
[SourceDate "2016.04.26"]
[SourceVersion "1"]
[SourceVersionDate "2016.04.26"]
[SourceQuality "1"]

1. d4 Nf6 2. c4 e6 3. Nc3 c5 4. d5 exd5 5. cxd5 d6 6. e4 g6 7. Nf3 Bg7 8. Bd3 0-0 9. 0-0 a6 10. a4 Bg4 11. h3 Bxf3 12. Qxf3 Re8 13. Bf4 Qe7 14. Qe2 Nbd7 15. Bh2 Nh5 16. Rae1 Bd4 17. Kh1 Rf8 18. f4 Rae8 19. Qg4 Nhf6 20. Qf3 Kg7 21. Re2 Ng8 22. Rfe1 f6 23. Rd2 Nb6 24. a5 Bxc3 25. bxc3 Nxd5 26. e5 Nxf4 27. Qxf4 fxe5 28. Qe3 Nf6 29. c4 Qc7 30. Bc2 Rd8 31. Red1 Rfe8 32. Rb1 Re7 33. Rb6 Ne8 34. Be4 Qc8 35. Qg5 1-0

[Event "CRO-chT U20 25th"]
[Site "Sv Filip i Jakov"]
[Date "2016.03.22"]
[Round "3.3"]
[White "Pavic, Filip"]
[Black "Balen, Teo"]
[Result "1/2-1/2"]
[WhiteElo "2236"]
[BlackElo "1993"]
[PlyCount "146"]
[EventDate "2016.03.21"]
[EventType "team-tourn"]
[EventRounds "9"]
[EventCountry "CRO"]
[SourceTitle "CBM 171 Extra"]
[Source "ChessBase"]
[SourceDate "2016.04.26"]
[SourceVersion "1"]
[SourceVersionDate "2016.04.26"]
[SourceQuality "1"]

1. e4 c5 2. Nf3 Nc6 3. d4 cxd4 4. Nxd4 Nf6 5. Nc3 e5 6. Ndb5 d6 7. Bg5 a6 8. Na3 b5 9. Nd5 Be7 10. Bxf6 Bxf6 11. c4 b4 12. Nc2 a5 13. g3 0-0 14. h4 Be6 15. Bg2 Bxd5 16. Qxd5 Qb6 17. Qd3 a4 18. 0-0 b3 19. axb3 Qxb3 20. Qxb3 axb3 21. Na3 Ra4 22. Rfe1 Nd4 23. Rac1 Rc8 24. Re3 g5 25. h5 g4 26. Rb1 Rb4 27. Bf1 Nf3+ 28. Kg2 Bg5 29. Rxf3 gxf3+ 30. Kxf3 Kf8 31. Bd3 Ke7 32. Nb5 Ra4 33. Nc3 Ra5 34. Nb5 Kd7 35. Na3 Rca8 36. Be2 Ra4 37. Bd1 Rb4 38. Ke2 Kc6 39. Kd3 Kc5 40. Kc3 Rab8 41. Bg4 Bd8 42. Rd1 Be7 43. Rd5+ Kc6 44. Bd1 f5 45. exf5 Bf6 46. Nb5 R4xb5 47. Rxb5 Rxb5 48. cxb5+ Kxb5 49. Bxb3 e4+ 50. Kd2 Bg5+ 51. Ke2 Kc5 52. f4 Bf6 53. g4 h6 54. Ke3 d5 55. Bc2 Bd4+ 56. Ke2 Bf6 57. Ke3 Bd4+ 58. Ke2 Bf6 59. Ke3 Bd4+ 60. Ke2 Bf6 61. b4+ Kxb4 62. Bxe4 dxe4 63. Ke3 Kc5 64. Kxe4 Kd6 65. Kf3 Ke7 66. g5 hxg5 67. h6 gxf4 68. Kxf4 Bh8 69. Kg5 Kf7 70. h7 Kg7 71. f6+ Kxh7 72. f7 Kg7 73. Kf5 Kxf7 1/2-1/2

[Event "CRO-chT U20 25th"]
[Site "Sv Filip i Jakov"]
[Date "2016.03.21"]
[Round "1.2"]
[White "Tomulic, Teo"]
[Black "Balen, Teo"]
[Result "1-0"]
[WhiteElo "2117"]
[BlackElo "1993"]
[PlyCount "55"]
[EventDate "2016.03.21"]
[EventType "team-tourn"]
[EventRounds "9"]
[EventCountry "CRO"]
[SourceTitle "CBM 171 Extra"]
[Source "ChessBase"]
[SourceDate "2016.04.26"]
[SourceVersion "1"]
[SourceVersionDate "2016.04.26"]
[SourceQuality "1"]

1. e4 c5 2. d4 cxd4 3. Nf3 Nc6 4. c3 dxc3 5. Nxc3 e6 6. Bc4 Bb4 7. 0-0 Nge7 8. Bf4 a6 9. Qd3 0-0 10. Bb3 Ng6 11. Bg3 b5 12. Rad1 Qb6 13. h4 h6 14. h5 Nge7 15. Bc2 Qc5 16. Nd5 exd5 17. exd5 f5 18. dxc6 dxc6 19. a3 Nd5 20. axb4 Qxb4 21. Nd4 Bd7 22. Be5 Qe7 23. Qg3 f4 24. Qg6 Qxe5 25. Rfe1 Qg5 26. Qh7+ Kf7 27. Nf3 Qxh5 28. Bg6+ 1-0

[Event "CRO-ch U19"]
[Site "Krapinske Toplice"]
[Date "2015.07.28"]
[Round "6"]
[White "Krsnik Cohar, Ivan Vihor"]
[Black "Balen, Teo"]
[Result "1-0"]
[WhiteElo "2289"]
[BlackElo "2049"]
[PlyCount "119"]
[EventDate "2015.07.25"]
[EventType "swiss"]
[EventRounds "9"]
[EventCountry "CRO"]
[SourceTitle "CBM 167 Extra"]
[Source "ChessBase"]
[SourceDate "2015.09.14"]
[SourceVersion "1"]
[SourceVersionDate "2015.09.14"]
[SourceQuality "1"]

1. d4 Nf6 2. Nf3 d5 3. Bg5 c5 4. e3 Nc6 5. c3 e6 6. Nbd2 Be7 7. Bd3 0-0 8. Qe2 c4 9. Bc2 b5 10. e4 h6 11. Bh4 b4 12. 0-0 bxc3 13. bxc3 Re8 14. e5 Nd7 15. Bg3 Qa5 16. Qe3 Nb6 17. Ne1 Na4 18. Nxc4 Qxc3 19. Bxa4 Qxc4 20. Qb3 Qxb3 21. axb3 Bb7 22. Nd3 Rec8 23. Nc5 Bxc5 24. dxc5 Nb4 25. Rfc1 Nd3 26. c6 Ba6 27. Rc2 Rc7 28. f4 Rac8 29. Be1 Nxe1 30. Rxe1 Rb8 31. Rc5 Rb4 32. g3 Kh7 33. Kf2 Bd3 34. Re3 Be4 35. Re2 Bh1 36. Ke3 Kg6 37. Rd2 Kf5 38. Rd4 Rb6 39. Kd2 Kg4 40. Kc3 Kh3 41. b4 Kxh2 42. b5 a6 43. Kb4 axb5 44. Bxb5 Kxg3 45. Rc3+ Kg4 46. Kc5 Rb8 47. Kd6 Rcc8 48. Ba6 Be4 49. Bxc8 Rxc8 50. Kd7 Rxc6 51. Rxc6 Kxf4 52. Kd6 h5 53. Rc7 Ke3 54. Ra4 Bg6 55. Rc3+ Kd2 56. Rh3 Kc2 57. Ra2+ Kb1 58. Rf2 Ka1 59. Rh1+ Bb1 60. Rff1 1-0

[Event "CRO-ch U19"]
[Site "Krapinske Toplice"]
[Date "2015.07.26"]
[Round "2"]
[White "Balen, Teo"]
[Black "Monjac, Mislav"]
[Result "0-1"]
[WhiteElo "2049"]
[BlackElo "2217"]
[PlyCount "114"]
[EventDate "2015.07.25"]
[EventType "swiss"]
[EventRounds "9"]
[EventCountry "CRO"]
[SourceTitle "CBM 167 Extra"]
[Source "ChessBase"]
[SourceDate "2015.09.14"]
[SourceVersion "1"]
[SourceVersionDate "2015.09.14"]
[SourceQuality "1"]

1. d4 Nf6 2. c4 e6 3. Nc3 Bb4 4. e3 0-0 5. Nge2 d5 6. a3 Bd6 7. c5 Be7 8. b4 c6 9. Nf4 Nbd7 10. Nd3 b6 11. cxb6 axb6 12. Na4 Ba6 13. Bb2 c5 14. bxc5 Bxd3 15. Bxd3 bxc5 16. Nxc5 Bxc5 17. dxc5 Qa5+ 18. Qd2 Nxc5 19. Bc2 Qb5 20. Bxf6 gxf6 21. Qd4 Qa5+ 22. Kf1 Qb5+ 23. Kg1 Qc4 24. Qxc4 dxc4 25. g4 Ra5 26. Kg2 Rfa8 27. a4 Nxa4 28. Be4 R8a6 29. Rhc1 Nb2 30. Rxa5 Rxa5 31. Rc2 Rb5 32. Bf3 Rb3 33. Be2 c3 34. Kf3 Na4 35. Ke4 e5 36. Kf5 Rb2 37. Bd1 Rb1 38. Bf3 Rb2 39. Bd1 Nc5 40. g5 fxg5 41. Kxe5 Nd3+ 42. Kf6 Nxf2 43. Rxb2 cxb2 44. Bc2 Ng4+ 45. Kxg5 Nxe3 46. Bb1 Nc4 47. Kh6 Nd2 48. Bxh7+ Kh8 49. h4 b1Q 50. Bxb1 Nxb1 51. h5 Nc3 52. Kg5 Nd5 53. Kf5 Kg7 54. Ke5 Kh6 55. Kxd5 Kxh5 56. Ke4 Kg4 57. Ke5 f5 0-1

[Event "CRO-ch U19"]
[Site "Krapinske Toplice"]
[Date "2015.07.25"]
[Round "1"]
[White "Balen, Teo"]
[Black "Zagorscak, Dino"]
[Result "0-1"]
[WhiteElo "2049"]
[BlackElo "1728"]
[PlyCount "90"]
[EventDate "2015.07.25"]
[EventType "swiss"]
[EventRounds "9"]
[EventCountry "CRO"]
[SourceTitle "CBM 167 Extra"]
[Source "ChessBase"]
[SourceDate "2015.09.14"]
[SourceVersion "1"]
[SourceVersionDate "2015.09.14"]
[SourceQuality "1"]

1. d4 d5 2. c4 e6 3. Nc3 Nf6 4. cxd5 exd5 5. Bg5 Be7 6. e3 0-0 7. Bd3 c6 8. Nge2 Ng4 9. Bf4 f5 10. 0-0 Bd6 11. Qc2 g6 12. a3 Bxf4 13. Nxf4 Qh4 14. h3 Nf6 15. Be2 g5 16. Nd3 Kh8 17. Ne5 g4 18. hxg4 fxg4 19. g3 Qh5 20. Rfc1 Bf5 21. Qd1 Qh3 22. Bf1 Qh6 23. Bg2 Qg5 24. Bh1 h5 25. Qf1 Nbd7 26. Nxd7 Bxd7 27. e4 dxe4 28. Nxe4 Nxe4 29. Bxe4 Rf6 30. Rc5 Qh6 31. Rac1 Raf8 32. R1c2 h4 33. gxh4 Qxh4 34. Qg2 g3 35. fxg3 Rf1+ 36. Qxf1 Rxf1+ 37. Kxf1 Qxe4 38. Rh2+ Kg7 39. Rg5+ Kf6 40. Rg8 Qd3+ 41. Re2 Bh3+ 42. Ke1 Qb1+ 43. Kf2 Kf7 44. Rge8 Qf1+ 45. Ke3 Kxe8 0-1

[Event "Topusko op 3rd"]
[Site "Topusko"]
[Date "2014.08.14"]
[Round "8"]
[White "Balen, Teo"]
[Black "Nastro, Federico"]
[Result "1/2-1/2"]
[WhiteElo "1800"]
[BlackElo "1934"]
[PlyCount "71"]
[EventDate "2014.08.08"]
[EventType "swiss"]
[EventRounds "9"]
[EventCountry "CRO"]
[SourceTitle "CBM 162 Extra"]
[Source "ChessBase"]
[SourceDate "2014.10.17"]
[SourceVersion "1"]
[SourceVersionDate "2014.10.17"]
[SourceQuality "1"]

1. d4 Nf6 2. c4 c5 3. d5 e6 4. Nc3 exd5 5. cxd5 d6 6. e4 g6 7. f4 Bg7 8. Bb5+ Nfd7 9. a4 0-0 10. Nf3 Re8 11. Qc2 Na6 12. 0-0 Nc7 13. Bd3 a6 14. Re1 Rb8 15. a5 b5 16. axb6 Nxb6 17. Be3 Bg4 18. Bxa6 Bxf3 19. gxf3 Nbxd5 20. exd5 Rxe3 21. Rxe3 Bd4 22. Qd2 Ra8 23. Kg2 Bxe3 24. Qxe3 Rxa6 25. Rxa6 Nxa6 26. Ne4 f5 27. Ng5 Nc7 28. Kf2 Qf6 29. Qb3 Qd4+ 30. Kg3 Qg1+ 31. Kh3 Qf1+ 32. Kg3 Qg1+ 33. Kh3 Qf1+ 34. Kg3 Qb5 35. Qe3 Qd7 36. Qb3 1/2-1/2

[Event "CRO-ch U17"]
[Site "Vukovar"]
[Date "2013.07.23"]
[Round "3"]
[White "Sokac, Marko"]
[Black "Balen, Teo"]
[Result "1-0"]
[WhiteElo "2043"]
[BlackElo "1743"]
[PlyCount "83"]
[EventDate "2013.07.22"]
[EventType "swiss"]
[EventRounds "9"]
[EventCountry "CRO"]
[SourceTitle "EXT 2014"]
[Source "ChessBase"]
[SourceDate "2013.11.20"]
[SourceVersion "1"]
[SourceVersionDate "2013.11.20"]
[SourceQuality "1"]

1. e4 c5 2. Nf3 e6 3. d4 cxd4 4. Nxd4 Nc6 5. Nc3 Nf6 6. Ndb5 Bb4 7. a3 Bxc3+ 8. Nxc3 d5 9. exd5 exd5 10. Bd3 0-0 11. 0-0 d4 12. Ne2 Bg4 13. f3 Bh5 14. b4 Ne5 15. Bb2 Nxd3 16. cxd3 Nd5 17. Bxd4 Nf4 18. Bc5 Nxe2+ 19. Qxe2 Re8 20. Qd2 Bg6 21. Rfd1 Qd5 22. Bf2 b6 23. Rac1 Rad8 24. Rc3 Rd7 25. d4 h6 26. Re1 Red8 27. Qf4 a5 28. bxa5 Qxa5 29. Rec1 Kh7 30. h4 Bf5 31. g4 Be6 32. Qe4+ g6 33. h5 Qd5 34. Qb1 Rd6 35. Re1 Kg7 36. hxg6 fxg6 37. Re4 Qa2 38. Qc1 R8d7 39. Bg3 Bd5 40. Bxd6 Rxd6 41. Rc7+ Bf7 42. Rf4 1-0

[Event "Zagreb GP U16"]
[Site "Zagreb"]
[Date "2013.05.28"]
[Round "3"]
[White "Vojak, Daniel"]
[Black "Balen, Teo"]
[Result "1-0"]
[WhiteElo "1842"]
[BlackElo "1717"]
[PlyCount "45"]
[EventDate "2013.05.26"]
[EventType "swiss"]
[EventRounds "6"]
[EventCountry "CRO"]
[SourceTitle "CBM 154 Extra"]
[Source "ChessBase"]
[SourceDate "2013.06.25"]
[SourceVersion "2"]
[SourceVersionDate "2013.06.25"]
[SourceQuality "1"]

1. d4 d5 2. c4 c6 3. Nc3 Nf6 4. e3 e6 5. Nf3 Bd6 6. Qc2 0-0 7. e4 dxe4 8. Nxe4 Nxe4 9. Qxe4 Bb4+ 10. Bd2 Qb6 11. Bd3 g6 12. 0-0-0 Bxd2+ 13. Rxd2 Nd7 14. h4 Qa5 15. h5 Nf6 16. Qf4 Nxh5 17. Qh6 Rd8 18. Ng5 Nf6 19. Nxh7 Nxh7 20. Qxh7+ Kf8 21. Bxg6 fxg6 22. c5 Rxd4 23. Qh8+ 1-0

[Event "Zagreb GP U16"]
[Site "Zagreb"]
[Date "2013.05.26"]
[Round "1"]
[White "Buergler, Filip"]
[Black "Balen, Teo"]
[Result "0-1"]
[WhiteElo "1643"]
[BlackElo "1717"]
[PlyCount "52"]
[EventDate "2013.05.26"]
[EventType "swiss"]
[EventRounds "6"]
[EventCountry "CRO"]
[SourceTitle "CBM 154 Extra"]
[Source "ChessBase"]
[SourceDate "2013.06.25"]
[SourceVersion "2"]
[SourceVersionDate "2013.06.25"]
[SourceQuality "1"]

1. d4 d5 2. c4 c6 3. Nc3 Nf6 4. Nf3 e6 5. Bg5 Be7 6. e3 0-0 7. Bd3 dxc4 8. Bxc4 Nbd7 9. 0-0 Nb6 10. Bd3 Nbd5 11. Ne4 Nxe4 12. Bxe4 Bxg5 13. Ne5 Nf6 14. Bd3 Nd7 15. Qh5 g6 16. Nxg6 fxg6 17. Bxg6 hxg6 18. Qxg6+ Kh8 19. f4 Qf6 20. Qh5+ Qh6 21. Qg4 Be7 22. e4 Rg8 23. Qf3 c5 24. Qe3 cxd4 25. Qd3 Qg7 26. Rf3 Qxg2# 0-1